| 000 | 01061nam a2200289 4500 | ||
|---|---|---|---|
| 001 | 0000014545 | ||
| 003 | CO-CtgCURN | ||
| 005 | 20250520153330.0 | ||
| 007 | ta | ||
| 008 | 160627s1999 000 0 eng d | ||
| 020 | _a9283204077 | ||
| 040 |
_aCO-CtgCURN _bspa _ccoctgcurn |
||
| 082 | 0 |
_a616.994 _bS15e |
|
| 100 | 1 | _aSilva, Isabel dos Santos. | |
| 245 | 1 | 0 |
_aEpidemiología del cáncer : _bprincipios y métodos / _cpor Isabel dos Santos Silva , traducción Sofia Moreno Aguado. |
| 260 |
_aLyon : _bAgencia Intenacional de Investigaciones sobre el Cancer, _c1999. |
||
| 300 | _a469 p. | ||
| 336 | _2rdacontent | ||
| 337 |
_2rdamedia _asin mediacion _bn |
||
| 338 |
_2rdacarrier _avolumen _bnc |
||
| 500 | _aGlosario : p. xi-xii \ Incluye bibliografia e indice \ Titulo original. Cancer epidemiology: principles and methods. | ||
| 650 | 1 | 4 |
_aCancer _xEpidemiología. |
| 650 | 1 | 4 |
_aCancer _xFactores de riesgo. |
| 908 | _a160627 | ||
| 942 |
_cBK _h616.994 _iS15e _2ddc _n0 |
||
| 999 |
_c23066 _d23066 |
||